000 01987nam0a2200349 4500
001 RU\NLR\BIBL_A\022314885
005 20241023171509.0
010 _a978-5-907857-13-1
_9500
021 _aRU
_bКН-П-24-043433
_9КН-П-24-4325
035 _a(NLR Aleph) 022314885
090 _a13538156
_c13538156
100 _a20240905d2024 u y0rusy50 ca
101 0 _arus
102 _aRU
105 _aac j 000yy
181 0 _ai
_baxxe
182 0 _an
200 1 _aОценка и управление рисками
_eучебное пособие
_fМ. К. Черняков, М. М. Чернякова, Ш. И. Сулейманов
_gМинистерство образования и науки Российской Федерации, Новосибирский государственный технический университет [и др.]
203 _aТекст
_bвизуальный
_cнепосредственный
210 _aКурск
_cУниверситетская книга
_d2024
215 _a199 с.
_cил., табл., портр.
_d21
300 _aНа 199-й с. авт.: Черняков М. К. – д-р экон. наук, проф., Чернякова М. М. – д-р экон. наук, доц., Сулейманов Ш. И. оглы
320 _aБиблиогр.: с. 193-198 (62 назв.)
606 1 _aРиск (экон.)
_jУчебные издания для высших учебных заведений
_xУправление
_92078995
_3RU\NLR\AUTH\661254863
686 1 _aУ5-13я73
700 1 _aЧерняков
_bМ. К.
_gМихаил Константинович
701 1 _aЧернякова
_bМ. М.
_gМария Михайловна
701 1 _7ca
_8rus
_aСулейманов
_bШ. И. оглы
_gШакир Ибадет оглы
_9211061
_3RU\NLR\AUTH\770211117
942 _cBOOK
980 _aNB